| 000 | 01072cam a2200313 a 4500 | ||
|---|---|---|---|
| 001 | 12086383 | ||
| 003 | OSt | ||
| 005 | 20230621164725.0 | ||
| 008 | 000629s2000 enka b 000 0 eng d | ||
| 010 | _a 00364412 | ||
| 015 | _aGBA0-48513 | ||
| 020 | _a1903219116 | ||
| 035 | _a(OCoLC)ocm44603988 | ||
| 040 |
_aUKM _cUKM _dDLC |
||
| 042 | _alccopycat | ||
| 043 | _ae-uk--- | ||
| 082 | 0 | 0 |
_a328.4 _bTYR |
| 100 | 1 | _aTyrie, Andrew. | |
| 245 | 1 | 0 |
_aMr. Blair's poodle : _ban agenda for reviving the House of Commons / _cAndrew Tyrie. |
| 260 |
_aLondon : _bCentre for Policy Studies, _c2000. |
||
| 300 |
_a65 p. : _bill. ; _c21 cm. |
||
| 504 | _aIncludes bibliographical references (p. [67]-[68]). | ||
| 610 | 1 | 0 |
_aGreat Britain. _bParliament. _bHouse of Commons _xReform. |
| 710 | 2 | _aCentre for Policy Studies. | |
| 906 |
_a7 _bcbc _ccopycat _d2 _encip _f20 _gy-gencatlg |
||
| 942 |
_2ddc _cBK |
||
| 999 |
_c2315 _d2315 |
||